000 00748cam a2200253 4500500
005 20260329004609.0
041 _afre
042 _adc
100 1 0 _aLegros, Martin
_eauthor
245 0 0 _aEva Illouz : “L’amour n’est pas possible dans le confinement, il a besoin du monde”
260 _c2020.
500 _a19
690 _aAmants
690 _aConfinement
690 _aIntimité
690 _aLointain
690 _aProche
690 _aPromiscuité
690 _aProximité
690 _aRelations
690 _aSexe
786 0 _nPhilosophie magazine | 141 | 8 | 2020-08-01 | p. 26-27 | 1951-1787
856 4 1 _uhttps://shs.cairn.info/magazine-philosophie-magazine-2020-8-page-26?lang=fr&redirect-ssocas=7080
999 _c1835483
_d1835483